Contemporary Architects /

I tiakina i:
Ngā taipitopito rārangi puna kōrero
Kaituhi matua: Morgan, Ann Lee (ed.)
Ētahi atu kaituhi: Naylor, Colin (edición) (edición)
Hōputu: Pukapuka
Reo:Ingarihi
I whakaputaina: Chicago, EUA : St. James Press, 1987, c1987
Putanga:2a edición
Rangatū:(Contemporary Arts Series)
Ngā marau:
Ngā Tūtohu: Tāpirihia he Tūtohu
Kāore He Tūtohu, Me noho koe te mea tuatahi ki te tūtohu i tēnei pūkete!

MARC

LEADER 00000nam^a2200000^a^4500
001 000187037
005 20250521000000.0
009 20260310102247.517
020 |a 0-912289-26-0 
037 |a Acervo ITESO - Biblioteca 
041 |a ING 
082 |a 720. 3  |b CON 
100 |a Morgan, Ann Lee  |e (ed.) 
245 1 0 |a Contemporary Architects /  |c Ed. de A.L. Morgan, C. Naylor. 
250 |a 2a edición 
264 4 |a Chicago, EUA :  |b St. James Press,  |c 1987, c1987 
300 |a 1038 p. 
336 |a texto  |b txt  |2 rdacontenido 
337 |a sin mediación  |b n  |2 rdamedio 
338 |a volumen  |b nc  |2 rdasoporte 
440 1 |a (Contemporary Arts Series) 
649 |a XX 
650 |a Arquitectos -  |x Biografías 
650 |a Artistas -  |x Biografías 
650 |a Arquitectura Moderna -  |x Enciclopedias y Diccionarios 
650 |a Arquitectura -  |y Siglo XX -  |x Enciclopedias y Diccionarios 
650 |a Arte Moderno -  |x Enciclopedias y Diccionarios 
650 |a Arte -  |y Siglo XX -  |x Enciclopedias y Diccionarios 
650 |a Enciclopedias y Diccionarios 
700 |a Naylor, Colin  |e (edición) 
910 |a Fondo General 
920 |a Impresos - Libros 
930 |a Obras de Referencia 
905 |a 102 
901 |a 0500129079  |b IT2  |c REF  |u 20250521 
902 |a https://opac.biblio.iteso.mx/vufind/Record/000187037